000 01010nam a2200301Ia 4500
005 20220316235349.0
008 121119s2002 sp jr 000 f spa
020 _a8420635618
041 1 _aspa
100 1 _aSwift, Jonathan,
_d1667-1745
245 1 4 _aLos viajes de Gulliver
_cJonathan Swifth ; traducción, Begoña Gárate Ayastuy
250 _aPrimera edición
264 1 _aMadrid
_bAlianza
_c2002
300 _a349 páginas
_c17 cm.
336 _atexto
_btxt
_2rdacontent
337 _asin mediación
_bn
_2rdamedia
338 _avolumen
_bnc
_2rdacarrier
490 0 _aEl libro de bolsillo : biblioteca temática juvenil
650 1 4 _2LEMB
_aLiteratura inglesa
650 1 4 _2LEMB
_aNovela inglesa
650 1 4 _2LEMB
_aHistorias de aventuras
_vNovela
650 1 4 _2LEMB
_aLibros y lecturas para jóvenes
650 1 4 _2LEMB
_aNovela de ciencia ficción
700 1 _aGarate Ayastuy, Begoña
_etraductor
_9118066
942 _2loc
_cBKLIT
040 _aCO-BoRNBP
_bspa
_erda
_cCO-BoRNBP
084 _aN SWI1
999 _c733
_d733